000 01154nac a22004097a 4500
001 BR0701442
003 BR-BrBNA
005 20240105123404.0
008 230509b bl.|||m| |||| 00| 0 por d
040 _aBR-BrBNA
_bpor
_cBiblioteca Nacional de Agricultura
072 _aF04; H50
090 _a1190 BR0701442
100 1 _aViégas, I. de J.M.
100 1 _aFrazão, D.A.C.
100 1 _aSilva, J.F. da
110 1 _aEMBRAPA Amazônia Oriental, Belém, PA (Brasil)
245 1 _aCamucamuzeiro: nutrição, calagem e adubação
260 3 _aBelém, PA (Brasil):
_c2004.
300 _a6 p.
490 _aCircular Técnica - EMBRAPA Amazônia Oriental (Brazil)
_vno. 38
_xISSN 1517-211X
500 _a12 illus.
650 _aCAMU-CAMU
650 _aDEFICIÊNCIA MINERAL
650 _aADUBAÇÃO
650 _aCALAGEM
650 _aNUTRIÇÃO VEGETAL
650 _aFÓSFORO
650 _aPOTÁSSIO
650 _aCÁLCIO
650 _aBORO
650 _aENXOFRE
650 _aMAGNESIO
650 _aMACROELEMENTO
650 _aMICROELEMENTO
909 _a202312
_bLúcia Elande
_c55
_dLúcia Elande
942 _2AGRIS
_n0
_cMS
999 _c295230
_d295230